Mechanika zemín. Laboratórne cvičenia II. : Pevnostné a deformačné vlastnosti
Na minha lista:
| Main Authors: | , |
|---|---|
| Formato: | Livro |
| Idioma: | eslovaco |
| Publicado em: |
Bratislava :
Nakladateľstvo STU,
2012
|
| Edição: | 1.vyd. |
| Tags: |
Sem tags, seja o primeiro a adicionar uma tag!
|
MARC
| LEADER | 00000nam a22000003a 4500 | ||
|---|---|---|---|
| 001 | stu254954 | ||
| 005 | 20220317185355.2 | ||
| 008 | 120928s--------xo------------------slo-d | ||
| 020 | |a 978-80-227-3766-1 | ||
| 040 | |a STU |b slo | ||
| 041 | 0 | |a slo | |
| 044 | |a xo | ||
| 080 | |a 624.13(075.8) | ||
| 100 | 1 | |a Hruštinec, Ľuboš, |d 1964- |4 aut |u V150 |9 50 |U SvF Stavebná fakulta |T SvF Katedra geotechniky |X 913 |U V150 |Y 15 |7 A000000913 | |
| 242 | 0 | 0 | |a Soil mechanics - Laboratory exercises II. Strength and deformation properties |y eng |
| 245 | 1 | |a Mechanika zemín. Laboratórne cvičenia II. : |b Pevnostné a deformačné vlastnosti | |
| 250 | |a 1.vyd. | ||
| 260 | |a Bratislava : |b Nakladateľstvo STU, |c 2012 | ||
| 300 | |a 183 s | ||
| 700 | 1 | |a Slávik, Ivan, |d 1965- |4 aut |u V150 |9 50 |U SvF Stavebná fakulta |T SvF Katedra geotechniky |X 696 |U V150 |Y 15 |7 A000000696 | |
| 996 | |b 284V032559 |c V*43138/S-12 |l VVS |s A |a 24 |w stu254954_0001 | ||
| 996 | |b 284V032558 |c V*43137/S-12 |l VVS |s A |a 24 |w stu254954_0002 | ||
| 996 | |b 284V032557 |c V*43136/S-12 |l VVS |s A |a 24 |w stu254954_0003 | ||
| 996 | |b 284V032556 |c V*43135/S-12 |l VVT |s A |a 24 |w stu254954_0004 | ||
| 996 | |b 284V040377 |c V* 43501/S-17 |l VVS |s A |a 24 |w stu254954_0005 | ||
| 996 | |b 284V040378 |c V* 43502/S-17 |l VVS |s A |a 24 |w stu254954_0006 | ||